000 00617nam a2200205 a 4500
005 20230511063611.0
008 991125s1985 mx 000 0 spa u
020 _a9684263228
035 _aUPN01000031719
049 _aCG
050 4 _aRC427 N8.5
100 1 _aNúñez, Rafael
_929761
245 1 0 _aIntegración del estudio psicológico :
_bcon el uso del DSM-III /
_cRafael Núñez
260 _aMéxico :
_bEl Manual Moderno,
_c1985
300 _a399 p.
650 4 _aPruebas mentales
_915534
650 4 _aPSICOLOGIA CLINICA-
_xCASOS, INFORMES CLINICOS, ESTADISTICA
904 _aAC
_b031720
905 _aLibro
999 _c31719
_d31719